History Quiz

Random History or Clickable Quiz

On the Guest List Quiz Stats

 Plays Quiz Updated May 6, 2016

Challenge
Share
Tweet
Embed
Score 0/20 Timer 06:00
1 Play Today
% Correct
Jesus
95.4%
Plato
95.2%
Rihanna
94.8%
Yoko Ono
93.7%
J.K. Rowling
91.8%
Saddam Hussein
90.6%
George Lucas
87.9%
Martha Washington
87.7%
Christopher Columbus
87.6%
C.S. Lewis
87.5%
% Correct
Maria Barbara Bach
87.2%
Steve Jobs
86.9%
Neil Armstrong
86.8%
Kamala Nehru
86.1%
Henry Ford
84.2%
Nancy Reagan
84.1%
Vladimir Lenin
81.6%
Katharina von Bora (Luther)
77.8%
Davy Crockett
76.3%
William Clark
74.4%

You're not logged in!

Compare scores with friends on all Sporcle quizzes.
Join for Free
OR
Log In

You Might Also Like...

Show Comments

Extras

Top Quizzes Today


Score Distribution

Your Account Isn't Verified!

In order to create a playlist on Sporcle, you need to verify the email address you used during registration. Go to your Sporcle Settings to finish the process.

Report this User

Report this user for behavior that violates our Community Guidelines.

Details: